| 000 | 00399nam a22001697a 4500 | ||
|---|---|---|---|
| 003 | SGT | ||
| 020 | _a9788184484496 | ||
| 082 |
_a612.015 _bM14S |
||
| 100 | _aSOOD, RAMNIK | ||
| 245 | _aMEDICAL LABORATORY TECHNOLOGY | ||
| 250 | _a6TH | ||
| 260 |
_aNEW DELHI _bJAYPEE PUB _c2014 |
||
| 300 | _a808 | ||
| 650 | _aLABORATORY TECHNOLOGY | ||
| 653 | _aTECHNOLOGY ,LABORATORY , | ||
| 942 |
_2ddc _cBK _04 |
||
| 999 |
_c22871 _d22871 |
||